[Event "ARG-ch sf U2300"]
[Site "Villa Carlos Paz"]
[Date "2019.09.07"]
[Round "1.9"]
[White "Ruiz, Roberto"]
[Black "Casadevall, Fernando"]
[Result "1-0"]
[WhiteElo "1775"]
[BlackElo "1485"]
[PlyCount "109"]
[EventDate "2019.09.07"]
[EventType "swiss"]
[EventRounds "6"]
[EventCountry "ARG"]
[SourceTitle "EXT 2024"]
[Source "ChessBase"]
[SourceDate "2023.10.10"]
[SourceVersion "1"]
[SourceVersionDate "2023.10.10"]
[SourceQuality "1"]

1. d4 e6 2. Bf4 d5 3. e3 c5 4. Nf3 Qb6 5. Nc3 Bd7 6. Rb1 Qa5 7. a3 c4 8. Be2 Nf6 9. 0-0 h6 10. h3 Be7 11. Nd2 b5 12. e4 b4 13. axb4 Bxb4 14. exd5 Bxc3 15. bxc3 0-0 16. Nxc4 Qxd5 17. Bf3 Qxc4 18. Bxa8 Nc6 19. Bxc6 Bxc6 20. Qd3 Qd5 21. f3 Nh5 22. c4 Qd7 23. Bh2 a5 24. Rfd1 Rd8 25. Qa3 Qa7 26. Qc5 Qxc5 27. dxc5 Rxd1+ 28. Rxd1 Nf6 29. Rd6 Ba4 30. c6 Ne8 31. Rd8 Bxc6 32. Rc8 Ba4 33. Ra8 f6 34. Rxa5 Bxc2 35. Bb8 e5 36. c5 Kf7 37. c6 Bf5 38. Ra7+ Kf8 39. Kf2 g5 40. Ke3 h5 41. Rd7 Bxd7 42. cxd7 Ke7 43. dxe8Q+ Kxe8 44. Ke4 Kf7 45. Kf5 g4 46. hxg4 hxg4 47. Kxg4 Kg6 48. Ba7 f5+ 49. Kh4 Kh6 50. Bb8 e4 51. fxe4 fxe4 52. Bf4+ Kg6 53. Kg4 Kf6 54. Bd2 Ke5 55. Be3 1-0